| 000 | 00588nam a2200217Ii 4500 | ||
|---|---|---|---|
| 003 | JO-AjNU | ||
| 008 | 230606s9999||||xx |||||||||||||| ||und|| | ||
| 020 | _a0-7131-6450-6 | ||
| 040 |
_aJO-AjNU _beng _erda _cJO-AjNU |
||
| 041 | _aeng | ||
| 050 | 1 | 4 | _aPN1655.K44 1985 |
| 100 | 3 |
_aKelsall, Malcolm , _eauthor _95440 |
|
| 245 | 0 | 0 | _aStudying Drama An Intrdouction |
| 250 | _a1 ed | ||
| 264 | 3 | 1 | _aLondon : Edward Arnold ,1985 |
| 300 | _a88p | ||
| 336 |
_atext _btxt _2rdacontent |
||
| 337 |
_aunmediated _bn _2rdamedia |
||
| 338 |
_avolume _bnc _2rdacarrier |
||
| 650 | 4 |
_aDrama _95441 |
|
| 999 |
_aE2811 _c2809 _d2809 |
||